First place (Record no. 181636)
[ view plain ]
| 000 -LEADER | |
|---|---|
| fixed length control field | 00647 a2200229 4500 |
| 003 - CONTROL NUMBER IDENTIFIER | |
| control field | Nust |
| 005 - DATE AND TIME OF LATEST TRANSACTION | |
| control field | 20170207153217.0 |
| 010 ## - LIBRARY OF CONGRESS CONTROL NUMBER | |
| LC control number | 2001554344 |
| 020 ## - INTERNATIONAL STANDARD BOOK NUMBER | |
| International Standard Book Number | 0553155636 |
| 035 ## - SYSTEM CONTROL NUMBER | |
| System control number | (OCoLC)ocm17357058 |
| 040 ## - CATALOGING SOURCE | |
| Transcribing agency | Nust |
| 082 ## - DEWEY DECIMAL CLASSIFICATION NUMBER | |
| Classification number | 808.83 |
| 100 1# - MAIN ENTRY--PERSONAL NAME | |
| Personal name | Suzanne, Jamie. |
| 245 10 - TITLE STATEMENT | |
| Title | First place |
| Statement of responsibility, etc. | written by Jamie Suzanne ; created by Francine Pascal. |
| 260 ## - PUBLICATION, DISTRIBUTION, ETC. | |
| Place of publication, distribution, etc. | New York : |
| Name of publisher, distributor, etc. | Bantam, |
| Date of publication, distribution, etc. | c1988. |
| 300 ## - PHYSICAL DESCRIPTION | |
| Extent | 104 p. ; |
| Dimensions | 20 cm. |
| 440 #0 - SERIES STATEMENT/ADDED ENTRY--TITLE | |
| Title | Sweet Valley twins ; |
| Volume/sequential designation | 16 |
| 538 ## - SYSTEM DETAILS NOTE | |
| System details note | Almirah No.58 Shelf No.2 |
| 655 #7 - INDEX TERM--GENRE/FORM | |
| Genre/form data or focus term | Young adult fiction. |
| 700 1# - ADDED ENTRY--PERSONAL NAME | |
| Personal name | Pascal, Francine. |
| 710 2# - ADDED ENTRY--CORPORATE NAME | |
| Corporate name or jurisdiction name as entry element | Copyright Paperback Collection (Library of Congress) |
| 942 ## - ADDED ENTRY ELEMENTS (KOHA) | |
| Source of classification or shelving scheme | |
| Koha item type | Book |
| Withdrawn status | Lost status | Source of classification or shelving scheme | Damaged status | Not for loan | Collection code | Permanent Location | Current Location | Date acquired | Total Checkouts | Full call number | Barcode | Date last seen | Date last checked out | Price effective from | Koha item type |
|---|---|---|---|---|---|---|---|---|---|---|---|---|---|---|---|
| Military College of Signals (MCS) | Military College of Signals (MCS) | 12/12/2016 | 1 | 808.83 SUZ | MCS23070 | 02/01/2023 | 02/01/2023 | 12/12/2016 | Book |
